000 00858nam a2200229Ia 4500
003 GCL
008 140319s9999 xx 000 0 ara d
040 _aGCL /
_cGCL
082 0 4 _a330.91
_bع م
100 1 _aعلى وهب
245 1 0 _aمقومات الانتاج والانماء الاقتصادى :
_bاسس جغرافية الانتاج /
_cعلى وهب
250 _aالاولى
260 _aبيروت :
_bدار الفكر اللبنانى ،
_c1996
300 _a311 ص ؛
_c24 سم
490 _aالجغرافيا البشرية الاقتصادية، الاجتماعية والسياسية
_v0
650 0 4 _aاصلاح الاراضى
650 0 4 _aالانتاج الزراعى
650 0 4 _aالقوى المائية
650 0 4 _aالمنتجات الصناعية
650 0 4 _aالمنتجات الزراعية
942 _2ddc
_cBK
999 _c600
_d600